Το ημερολόγιο του Ίλιντεν : 1901-1903

Αποθηκεύτηκε σε:
Λεπτομέρειες βιβλιογραφικής εγγραφής
Κύριος συγγραφέας: Chekalarov, Vasil, 1874-1913
Άλλοι συγγραφείς: Πετσίβας, Γιώργος (Επιμελητής έκδοσης), Καρατζάς, Βάσκος (Μεταφραστής)
Μορφή: Βιβλίο
Γλώσσα:Greek
Δημοσίευση: Αθήνα : Πετσίβας, 2010.
Θέματα:
Ετικέτες: Προσθήκη ετικέτας
Δεν υπάρχουν, Καταχωρήστε ετικέτα πρώτοι!

MARC

LEADER 00000cam a2200000 i 4500
001 1/18179
008 120301s2010 gre d
020 |a 978-960-98165-0-2 
035 |l 10111980 
040 |a GR-MY-UA  |b gre  |e aacr 
041 0 |a gre 
082 0 |a 938.664  |2 (22) 
100 1 |a Chekalarov, Vasil,   |d 1874-1913. 
245 1 3 |a Το ημερολόγιο του Ίλιντεν :  |b 1901-1903 /  |c Βασίλη Τσακαλάρωφ ; μετάφραση: Βάσκο Καρατζά ; εισαγωγή - επιμέλεια: Γιώργος Πετσίβας.  
260 |a Αθήνα :   |b Πετσίβας,   |c 2010.  
300 |a 671 σ. :   |b εικ. ;   |c 24 εκ.+  |e 1 χάρτης.  
504 |a Περιέχει ευρετήριο (σ. 609-671).  
650 0 0 |a Macedonian question  |x History  |x Sources. 
650 0 0 |a Nationalism  |z Balkan Peninsula  |x History. 
700 1 |a Πετσίβας, Γιώργος,  |e edt 
700 1 |4 trl  |a Καρατζάς, Βάσκος,  |e trl 
852 |a INST  |b LESVOS  |e 20120301  |h 938.664 CHE  |p 005100050718  |q 005100050718  |t BK  |y 0 
852 |a INST  |b LESVOS  |e 20120307  |h 938.664 CHE  |p 005100050691  |q 005100050691  |t BK  |y 0 
901 |a BIBL1-2012-1 
909 |a Λ  |b 173481 
909 |a Λ  |b 173488 
970 |a ΤΖΑΦΕΡΗ  |b ΕΥΑΓΓΕΛΙΑ  |z 2012/03/01